000
00196 a2200097 4500
001
35054
100
_a
G A L
245
_a
The defenders
260
_a
NY
_b
Gallery Books
_c
090
_c
23201
_d
23201
942
_a
NUST-CAE
_c
M
_c
14672
999
_c
270127
_d
270127